|
|
|
|
| LEADER |
00000nam a22000007a 4500 |
| 005 |
20190712001721.0 |
| 007 |
cr|||| |||| |
| 008 |
190712s2018 br |||||s|||| 00||0 por d |
| 020 |
|
|
|a 978-85-361-9830-9
|
| 035 |
|
|
|a 23764
|
| 040 |
|
|
|a vLex
|
| 090 |
|
|
|c 9024
|d 9024
|
| 100 |
1 |
|
|a Pereira Oliveira Neto, Cľio
|
| 245 |
1 |
0 |
|a Trabalho em Ambiente Virtual
|h [Recurso electrn̤ico] :
|b Causas, Efeitos e Conformaȯ̂ /
|c Cľio Pereira Oliveira Neto
|
| 256 |
|
|
|a Servicio en ln̕ea
|
| 260 |
|
|
|a San Pablo:
|b LTR,
|c 2018
|
| 300 |
|
|
|a 1 recurso electrn̤ico
|
| 500 |
|
|
|a A incipiente Quarta Revoluȯ̂ Industrial combina tecnologias digital, fs̕ica e biolg̤ica, acelerando ainda mais a sociedade da informaȯ̂, mudando o modo de viver, trabalhar e se relacionar. A sociedade funciona em rede, conectada full time, o que j ̀impede o pleno desligamento do trabalho, prejudicando o direito ao lazer e descanso. Tambm̌ as exposiė̳s nas redes sociais e outras formas de comunicaȯ̂ virtual tm̊ gerado conflitos nas relaė̳s de trabalho, mormente quando h ̀abuso de direito de uma das partes. É certo que a tecnologia deve servir ao homem. Observada tal premissa, este livro tem por escopo aproveitar o melhor das inovaė̳s em prol do homem, visando a ampliaȯ̂ de direitos personals̕simos, mediante autogestô do tempo e aproximaȯ̂ com o nc︢leo familiar em regime de trabalho em ambiente virtual, sem olvidar da implementaȯ̂ de polt̕icas empresariais preventivas.
|
| 506 |
1 |
|
|a Disponible solo en los productos indicados
|d vLex Global
|d vLex Global (Academic Edition, excluding Law Schools)
|d vLex Global (U.S. Academic Edition, Law Schools)
|d vLex Global (U.S. Academic Edition, excluding Law Schools)
|d vLex Global (Academic Edition, Law Schools)
|
| 650 |
0 |
4 |
|a Nuevas tecnologa̕s
|z Brasil
|
| 740 |
0 |
|
|a vLex Libros (Servicio en ln̕ea)
|
| 856 |
4 |
0 |
|u http://vlex.com/source/trabalho-em-ambiente-virtual-causas-efeitos-e-conforma-o-23764
|z Acceso restringido
|
| 942 |
|
|
|c BOOK
|
| 999 |
0 |
|
|a New technologies
|